Music Quiz

Random Music or Artist Quiz

Debut Albums: Eponymous or Not? Quiz Stats

 Plays Quiz Updated Jun 9, 2017

Support Sporcle.
Go Orange.
Score 0/40 Timer 10:00
0 Plays Today
Artist Y or N? % Correct
Nirvana???
74.6%
Led Zeppelin???
74.3%
Michael Jackson???
72.6%
Lady Gaga???
72%
The Doors???
70.1%
Pink Floyd???
70%
Ramones???
69.4%
Radiohead???
67.3%
R.E.M.???
67.1%
Puff Daddy and the Family???
65.6%
Beyoncé???
63.5%
Billy Joel???
63.1%
Beastie Boys???
62.9%
AC/DC???
62.7%
Santana???
62.3%
Metallica???
59.6%
The Clash???
59.3%
Queen???
59.1%
Eagles???
57.5%
Joy Division???
57.4%
Artist Y or N? % Correct
Of Monsters And Men???
56.7%
Simon and Garfunkel???
56.4%
Gorillaz???
55.9%
The Smiths???
55.4%
Blondie???
54.8%
Doris Day???
53.6%
Aerosmith???
53.5%
The Jimi Hendrix Experience???
53.5%
Paramore???
53.5%
Backstreet Boys???
52.2%
Bon Jovi???
51.1%
The Everly Brothers???
50.9%
The Beach Boys???
50.1%
Savage Garden???
49.5%
Crowded House???
47%
ABBA???
44.8%
Madonna???
43.8%
Taylor Swift???
42.6%
10cc???
42.1%
David Bowie???
39.5%

You're not logged in!

Compare scores with friends on all Sporcle quizzes.
OR
Log In
Forgot?

From the Vault

NBA Teams by Finals Loss

by Sharpshot17

There's always next year.
Remove Ads.
Support Sporcle.
Get the best of Sporcle when you Go Orange. This ad-free experience offers more features, more stats, and more fun while also helping to support Sporcle. Thank you for becoming a member.

Show Comments

Extras

Top Quizzes Today


Score Distribution

Your Account Isn't Verified!

In order to create a playlist on Sporcle, you need to verify the email address you used during registration. Go to your Sporcle Settings to finish the process.

Report this User

Report this user for behavior that violates our Community Guidelines.

Details: